The Immunological Basis for Immunization Series. Module 21 : Rotavirus Vaccines.

Bibliographic Details
Format: eBook
Language:English
Published: Geneva : World Health Organization, 2020.
Edition:1st ed.
Subjects:
Online Access:Click to View
LEADER 02032nam a22003253i 4500
001 EBC31498630
003 MiAaPQ
005 20240729202206.0
006 m o d |
007 cr cnu||||||||
008 240729s2020 xx o ||||0 eng d
020 |a 9789240002357  |q (electronic bk.) 
035 |a (MiAaPQ)EBC31498630 
035 |a (Au-PeEL)EBL31498630 
040 |a MiAaPQ  |b eng  |e rda  |e pn  |c MiAaPQ  |d MiAaPQ 
245 1 4 |a The Immunological Basis for Immunization Series. Module 21 :  |b Rotavirus Vaccines. 
250 |a 1st ed. 
264 1 |a Geneva :  |b World Health Organization,  |c 2020. 
264 4 |c Ã2020. 
300 |a 1 online resource (72 pages) 
336 |a text  |b txt  |2 rdacontent 
337 |a computer  |b c  |2 rdamedia 
338 |a online resource  |b cr  |2 rdacarrier 
505 0 |a Intro -- Abbreviations and acronyms -- Abbreviations and acronyms -- Preface -- Acknowledgements -- Conflict of interest -- 1. Introduction -- 2. Rotavirus structure and genome organization -- 3. Classification methods for rotaviruses -- 4. Rotavirus epidemiology -- 4.1 Burden of disease -- 4.2 Rotavirus strain distribution -- 4.3 Seasonality of rotavirus disease -- 4.4 Age at infection -- 5. Rotavirus replication -- 6. Rotavirus pathogenesis -- 6.1 Clinical presentation -- 6.2 Extraintestinal infections -- 6.3 Pathophysiology and mechanisms of disease -- 7. Rotavirus immunity -- 7.1 Methods for detection of rotavirus -- 7.2 Rotavirus vaccines -- 8. References. 
588 |a Description based on publisher supplied metadata and other sources. 
590 |a Electronic reproduction. Ann Arbor, Michigan : ProQuest Ebook Central, 2024. Available via World Wide Web. Access may be limited to ProQuest Ebook Central affiliated libraries.  
655 4 |a Electronic books. 
776 0 8 |i Print version:  |t The Immunological Basis for Immunization Series. Module 21  |d Geneva : World Health Organization,c2020 
797 2 |a ProQuest (Firm) 
856 4 0 |u https://ebookcentral.proquest.com/lib/matrademy/detail.action?docID=31498630  |z Click to View